|
|
|
|
| LEADER |
00663cam a2200193 7i4500 |
| 001 |
0000002705 |
| 005 |
19991025090000.0 |
| 002 |
##000003961 |
| 020 |
0 |
0 |
|a 0-8133-1031-8
|
| 090 |
0 |
0 |
|a B 324.0973
|b CLU
|
| 100 |
0 |
0 |
|a Clubb
|
| 245 |
0 |
0 |
|a Partisan realignment :
|b voters, parties and government in American history
|c Jeromne M. Clubb, William H. Flanigan, Nancy H. Zingale..
|
| 260 |
0 |
0 |
|a Boulder:
|b Westview Press,
|c 1990.
|
| 300 |
0 |
0 |
|a 327p.
|
| 650 |
0 |
0 |
|a Political parties --
|x History --
|z United States
|
| 700 |
1 |
1 |
|a Clubb,
|h Jerome
|
| 700 |
1 |
1 |
|a Flanigan,
|h William H
|
| 700 |
1 |
1 |
|a Zingale,
|h Nancy H
|
| 999 |
|
|
|a 000003941
|b Book
|c Open shelf
|e Business Information Centre
|